Che Guevara, muž - legenda

Podrobná bibliografia
Hlavný autor: Pudar, Moma (Autor)
Médium: Kniha
Jazyk:neznámy jazyk
Fyzický popis:39 s.
Vydavateľské údaje: Bratislava VPL 1968

MARC

LEADER 00000nam a2200000 a 4500
001 vtls001435931
003 SK-MaSNL
005 20260301121052.0
008 240314s1968 xx 0 und
035 |a SNK000391024 
040 |a SNK  |b slo  |c SNK  |e AACR2 
100 1 |a Pudar, Moma  |4 aut  |9 464630 
245 1 0 |a Che Guevara, muž - legenda 
260 |a Bratislava  |b VPL  |c 1968 
300 |a 39 s. 
958 |a OND 
999 |c 728043  |d 729973 
952 |a SNK  |b SNK  |y PREZ  |7 0  |p 17A0849126  |o snkSD 32804   |0 0  |1 0  |4 0  |d 2013-08-08  |l 0  |r 2026-02-23 22:19:47  |w 2026-02-23 
952 |t P60, <04>, [BOOK], {604}  |a SNK  |b SNK  |y VYP  |7 0  |p 17A0344700  |o snkSD 32804 D1  |0 0  |1 0  |4 0  |d 2002-06-10  |l 0  |r 2005-01-02 00:00:00  |w 2026-02-23